000 00527nam a2200181Ia 4500
008 090124s9999 xx 000 0 und d
082 _b117455
100 _aगांगल वसंत
245 _a एक दिवस असा येतो
250 _a1
260 _c1971
300 _a80
600 _aगांगल वसंत
630 _a एक दिवस असा येतो
700 _aगांगल वसंत
730 _a एक दिवस असा येतो
942 _cBOOK
999 _c163542
_d163542